Enhanced watermark detection /
محفوظ في:
| المؤلف الرئيسي: | |
|---|---|
| التنسيق: | Sách giấy |
| اللغة: | Vietnamese |
| منشور في: |
Canada :
[s.n.],
2003.
|
| الموضوعات: | |
| الوسوم: |
إضافة وسم
لا توجد وسوم, كن أول من يضع وسما على هذه التسجيلة!
|
| Thư viện lưu trữ: | Thư viện Trường Đại học Đà Lạt |
|---|
| LEADER | 00706nam a2200313 4500 | ||
|---|---|---|---|
| 001 | DLU110127231 | ||
| 005 | ##20111027 | ||
| 040 | # | # | |a DLU |b vie |
| 041 | # | # | |a vie |
| 044 | # | # | |a vn |
| 082 | # | # | |a 005.8 |b SE-A |
| 100 | # | # | |a Sequeira, Adrian. |
| 245 | # | # | |a Enhanced watermark detection / |c Adrian Sequeira. |
| 260 | # | # | |a Canada : |b [s.n.], |c 2003. |
| 300 | # | # | |a 108 tr. ; |c 30 cm. |
| 650 | # | # | |a Data protection. |
| 650 | # | # | |a Digital watermarking. |
| 923 | # | # | |a 01/2011CT |
| 991 | # | # | |a GT |
| 992 | # | # | |a 0 |
| 994 | # | # | |a KCT |
| 998 | # | # | |a LA |
| 900 | # | # | |a True |
| 911 | # | # | |a Đào Thị Thu Huyền |
| 925 | # | # | |a G |
| 926 | # | # | |a A |
| 927 | # | # | |a SH |
| 980 | # | # | |a Thư viện Trường Đại học Đà Lạt |